Boletín Comercial / Comisión Especial de Consulta y Negociación. Secretaría Ejecutiva para Asuntos Económicos y Sociales de la Secretaría General de la Organización de los Estados Americanos
保存先:
| 団体著者: | |
|---|---|
| フォーマット: | 図書 |
| 言語: | Spanish |
| 出版事項: |
Washigton D.C.:
OEA,
1976-
|
| 主題: | |
| タグ: |
タグ追加
タグなし, このレコードへの初めてのタグを付けませんか!
|
MARC
| LEADER | 00000nam a22000007a 4500 | ||
|---|---|---|---|
| 003 | cru CIDCACS/IIS | ||
| 005 | 20201120104230.0 | ||
| 008 | 201120s1976 wau|||p|r||||||0| ||spa|d | ||
| 999 | |c 43522 |d 43522 | ||
| 040 | |c CRAI/IIS | ||
| 090 | |a REV0082 | ||
| 110 | 1 | |9 9745 |a Comisión Especial de Consulta y Negociación. |b Secretaría Ejecutiva para Asuntos Económicos y Sociales de la Secretaría General de la Organización de los Estados Americanos | |
| 245 | 1 | |a Boletín Comercial / |b Comisión Especial de Consulta y Negociación. Secretaría Ejecutiva para Asuntos Económicos y Sociales de la Secretaría General de la Organización de los Estados Americanos | |
| 260 | |a Washigton D.C.: |b OEA, |c 1976- | ||
| 270 | |a General Secretariat Organization of American States. Washigton D.C. 20006 | ||
| 500 | |a EXISTENCIAS : 1983 8 (5-12) 1984 9 (1-9, 11-12) 1985-1989 (1-12) 1990 15 (1-12) 1991 (1-12) 1992 17 (1-12) 1993 18 (1-12) PERIODICIDAD PPS (s):Mensual | ||
| 650 | 0 | |9 304 |a COMERCIO EXTERIOR | |
| 650 | 0 | |9 5225 |a NEGOCIACIONES COMERCIALES | |
| 650 | 4 | |9 3250 |a MERCADO | |
| 650 | 0 | |9 7485 |a OEA | |
| 651 | 0 | |9 17 |a AMERICA LATINA | |
| 942 | |2 ddc |c PP | ||
